000 00657nam a22002177a 4500
003 UA-OsUOA
001 75163
007 ta
008 20110506b un ||||| |||| 00| 0 ukr d
100 _aІваницька О. М.
090 _a330
_bИ99
942 _cSA
040 _aUA-OsUOA
_bukr
_cUA-OsUOA
_dUA-OsUOA
245 _aДержавне регулювання фінансових ринків в Україні у посткризовий період
300 _aС.35-43
955 _a0
041 _aukr
080 _a330
773 0 _w75160
_tФінанси України
_dК.
_d2011
_g2
650 7 _a330 Економіка взагалі
_2UDC
999 _c361461
_d361461